Rubber: Nottam pole nettam. 1. Thaiyum nadeelum nannayal (Record no. 49007)
[ view plain ]
| 000 -LEADER | |
|---|---|
| fixed length control field | 00344nam a2200133Ia 4500 |
| 100 ## - MAIN ENTRY--AUTHOR NAME | |
| Personal name | Joykutty P A |
| 245 #0 - TITLE STATEMENT | |
| Title | Rubber: Nottam pole nettam. 1. Thaiyum nadeelum nannayal |
| 260 ## - PUBLICATION, DISTRIBUTION, ETC. (IMPRINT) | |
| Name of publisher | Karshakasree |
| Year of publication | 2012 |
| 300 ## - PHYSICAL DESCRIPTION | |
| Number of Pages | 28-31 |
| 650 ## - SUBJECT ADDED ENTRY--TOPICAL TERM | |
| Topical Term | Planting materials |
| 650 ## - SUBJECT ADDED ENTRY--TOPICAL TERM | |
| Topical Term | Rubber |
| 942 ## - ADDED ENTRY ELEMENTS (KOHA) | |
| Koha item type | Bibliography STAF |
| Withdrawn status | Lost status | Damaged status | Not for loan | Home library | Current library | Shelving location | Date acquired | Serial Enumeration / chronology | Koha item type |
|---|---|---|---|---|---|---|---|---|---|
| Bibliography | RRII Library | RRII Library | Botany | 25/06/2012 | Volume 18, Issue 6 | Bibliography STAF |